| 000 | 00654nam a2200229Ia 4500 | ||
|---|---|---|---|
| 003 | OSt | ||
| 005 | 20221006164308.0 | ||
| 006 | a|||||r|||| 00| 0 | ||
| 007 | ta | ||
| 008 | 221006b |||||||| |||| 00| 0 eng d | ||
| 024 | _a2,189 | ||
| 037 | _cTextual | ||
| 040 |
_aFML _cFML _beng |
||
| 041 |
_2eng _aeng |
||
| 082 | _aNR441wx, N0.2 | ||
| 100 |
_aRajgopalan N Au. _9677078 |
||
| 245 | 0 | _aAnother Garland Biographical Dictonary of Carnatic Composers and Musicians | |
| 260 |
_aChannei _bCarnatak Classicals _c1992 |
||
| 300 |
_a528 _ccm. |
||
| 942 |
_hNR441wx, N0.2 _cTEXL _2CC |
||
| 999 |
_c1116774 _d1116774 |
||